NFL Super Bowl Winning Teams - Statistics

General Stats
  • This quiz has been taken 533 times
  • The average score is 14 of 20
Answers on the Grid
Answers color-coded by a green-red scale on the quiz's grid according to % correct below.
Kansas City Chiefs
Las Vegas Raiders
Los Angeles Chargers
Denver Broncos
Dallas Cowboys
New York Giants
Washington Commanders
Philadelphia Eagles
New England Patriots
Miami Dolphins
New York Jets
Pittsburgh Steelers
Buffalo Bills
Baltimore Ravens
Cleveland Browns
Cincinnati Bengals
Los Angeles Rams
Seattle Seahawks
San Francisco 49ers
Arizona Cardinals
Green Bay Packers
Chicago Bears
Minnesota Vikings
Detroit Lions
Tampa Bay Buccaneers
New Orleans Saints
Carolina Panthers
Atlanta Falcons
Indianapolis Colts
Houston Texans
Jacksonville Jaguars
Tennessee Titans
 
Answer Stats
Answer % Correct
Kansas City Chiefs
97%
New England Patriots
84%
Dallas Cowboys
83%
Philadelphia Eagles
83%
New York Giants
79%
Pittsburgh Steelers
79%
Denver Broncos
78%
Baltimore Ravens
69%
Las Vegas Raiders
68%
Green Bay Packers
67%
San Francisco 49ers
67%
Los Angeles Rams
66%
Miami Dolphins
66%
Seattle Seahawks
66%
Tampa Bay Buccaneers
64%
New York Jets
60%
Washington Commanders
59%
Chicago Bears
58%
Indianapolis Colts
55%
New Orleans Saints
55%
No matching quizzes found
Score Distribution
Percent of People with Each Score
Percentile by Number Answered
Your Score History
You have not taken this quiz